Statistiche per Paesi per immagine satellitare parziale #3

Clicka qui per fare il quiz!

Statistiche generali

  • Questo quiz è stato fatto 32 volte
  • Il punteggio medio è 11 su 15

Statistiche sulle risposte

Risposta% Corretto
Egitto
93%
Australia
87%
Islanda
87%
Russia
87%
Cina
83%
Norvegia
83%
Irlanda
80%
India
73%
Stati Uniti
73%
Canada
63%
Cile
60%
Haiti
57%
Thailandia
53%
Paesi Bassi
50%
Senegal
23%

Distribuzione punteggi

Percentile per numero di risposta

Percentuale di utenti per punteggio

I tuoi punteggi nel tempo

Non hai fatto questo quiz